000 01205cam a22002771i 4500
003 SA-RiAUC
005 20260307142216.0
008 260212s1910 sy g 00000 ara c
040 _aSA-RiAUC
_bara
_cSA-RiAUC
_erda
082 0 4 _a232.89
090 _aم ن 232.89
_bك ت ا
100 1 _aالكتاني، محمد بن جعفر بن إدريس،
_d1274-1345 هجري
_eمؤلف.
245 1 0 _aنظم المتناثر من الحديث المتواتر /
_cتأليف محمد بن جعفر بن إدريس الكتاني ؛ اعتنى بنشره عبد الحفيظ الحسن.
250 _aالطبعة الأولى.
264 1 _aحلب، سوريا :
_bدار المعارف،
_c1910
264 3 _aفاس، المغرب :
_bالمطبعة المولوية
300 _a157 صفحة ؛
_c29 سم
336 _aنص
_btxt
_2rdacontent
_3كتاب
337 _aبدون وسيط
_bn
_2rdamedia
338 _aمجلد
_bnc
_2rdacarrier
650 7 _aالحديث المتواتر
_2aucsh
650 7 _aالحديث
_xإسناد
_2aucsh
700 1 _aبن الحسن، عبد الحفيظ،
_d1875-1937‏
_eمراجع.
942 _2ddc
_cRBOOK COPY
_n0
949 _aSA-JeALM
_d260212
_umohamedma123
_n1
999 _c14535
_d14535